000
00363nam a2200157Ia 4500
008
130318s9999 xx 000 0 und d
020
_a
812031283x
082
_a
658 ROB/M
100
_a
Robbins, Stephen P
245
_a
Management
250
_a
5
260
_b
PHI Learning
_a
New Delhi
_c
2000
300
_a
770
650
_a
MANAGEMENT
700
_a
Coulter, Mary
999
_c
340
_d
340